| 000 | 00784nam a2200289Ia 4500 | ||
|---|---|---|---|
| 003 | OSt | ||
| 005 | 20221007122439.0 | ||
| 006 | a|||||r|||| 00| 0 | ||
| 007 | ta | ||
| 008 | 221006b |||||||| |||| 00| 0 eng d | ||
| 020 | _a9788126518494 (pbk) | ||
| 024 | _a96435 | ||
| 037 | _cTextbook | ||
| 040 |
_aPAPL _cPAPL _beng |
||
| 041 |
_2eng _aeng |
||
| 082 | _aCN2, K3;M7;1 Carpa | ||
| 100 | _aHuang Kerson | ||
| 245 | 0 | _aStatstical mechanics | |
| 250 | _a2 | ||
| 260 |
_aNew _bDelhi Wiley-India _c1987 |
||
| 300 |
_axiv, 493p. _ccm. |
||
| 500 | _aAppendix A1-A4, 468-486p.; Index 487-493p. | ||
| 650 | _a Statistical mechanics | ||
| 650 | _aPhysics | ||
| 942 |
_hCN2, K3;M7;1 Carpa _cTB _2CC |
||
| 999 |
_c1210365 _d1210365 |
||